000 00779nam a22001937a 4500
999 _c20995
_d20995
003 AR-CdUCM
008 190723b ||||| |||| 00| 0 spa d
040 _aMUNICIPALIDAD PROVINCIAL DEL CUSCO
_cBIBLIOTECA MUNICIPAL DEL CUSCO
082 _aC / 370.193 /
_bP23
100 _aPaniagua D., Jorge A.
_943791
245 _aLaboratorio de educación rural /
260 _aCusco :
_c1955.
300 _a76 páginas ;
_bilustraciones ;
_c28 cm.
505 _aContenido : Necesidades básicas humanas -- Estudio de la comunidad -- Planeamiento y organización del laboratorio de educación rural , educación fundamental rural -- Estudio de los problemas y necesidades de los maestros.
650 _aEducación
_9460
650 _aRural
_923546
942 _2ddc
_cLIBROS
945 _azta